00740 2200181 4500001002100000005001500021035002000036007000300056008003900059082002200098084002800120100001600148245016900164260003300333300002100366650015400387856001700541INLIS00000000000654520240219110223 a0010-0224000385ta240219 | | |  a616.907 259 815 6 a616.907 259 815 6 SIS g0 aSISKA ROHIM1 aGAMBARAN PENGETAHUAN, MOTIVASI DAN PERAN KELUARGA TERHADAP PENCEGAHAN MALARIA PADA REMAJA PUTRI DI WILAYAH KERJA PUSKESMAS KONI KOTA JAMBI TAHUN 2015 /cSISKA ROHIM ajambi :bSTIKES PRIMA,c2015 axi, 57p ;c30 cm 4aGAMBARAN PENGETAHUAN, MOTIVASI DAN PERAN KELUARGA TERHADAP PENCEGAHAN MALARIA PADA REMAJA PUTRI DI WILAYAH KERJA PUSKESMAS KONI KOTA JAMBI TAHUN 2015 aS1 Kebidanan